Three eighteenth century figures : (Record no. 22118)
[ view plain ]
| 000 -LEADER | |
|---|---|
| fixed length control field | 00946nam a22002771 4500 |
| 001 - CONTROL NUMBER | |
| control field | 22118 |
| 003 - CONTROL NUMBER IDENTIFIER | |
| rucl marc code | BD-RjUL |
| 005 - DATE AND TIME OF LATEST TRANSACTION | |
| control field | 20211209000753.0 |
| 008 - FIXED-LENGTH DATA ELEMENTS--GENERAL INFORMATION | |
| fixed length control field | 140306s1962 enk b 001 0ceng |
| 035 ## - SYSTEM CONTROL NUMBER | |
| System control number | (BD-RjUL)22183 |
| System control number | (OCoLC)396663 |
| 040 ## - CATALOGING SOURCE | |
| Original cataloging agency | DLC |
| Transcribing agency | ODaWU |
| Modifying agency | OCoLC |
| -- | DLC |
| -- | BD-RjUL |
| Language of cataloging | eng |
| 041 ## - LANGUAGE CODE | |
| Language code of text/sound track or separate title | eng |
| 082 00 - DEWEY DECIMAL CLASSIFICATION NUMBER | |
| Classification number | 920.009033 |
| Author mark and year | DOT 1962 |
| 100 1# - MAIN ENTRY--PERSONAL NAME | |
| Personal name | Dobrée, Bonamy, |
| Dates associated with a name | 1891-1974. |
| 9 (RLIN) | 68290 |
| 245 10 - TITLE STATEMENT | |
| Title | Three eighteenth century figures : |
| Remainder of title | Sarah Churchill, John Wesley [and] Giacomo Casanova / |
| Statement of responsibility, etc. | Bonamy Dobrée. |
| 260 ## - PUBLICATION, DISTRIBUTION, ETC. (IMPRINT) | |
| Place of publication, distribution, etc. | London ; |
| -- | New York : |
| Name of publisher, distributor, etc. | Oxford University Press, |
| Date of publication, distribution, etc. | 1962. |
| 300 ## - PHYSICAL DESCRIPTION | |
| Pagination | xi, 248 p. ; |
| Size | 23 cm. |
| 504 ## - BIBLIOGRAPHY, ETC. NOTE | |
| Bibliography, etc | Includes bibliographies and index. |
| 600 10 - SUBJECT ADDED ENTRY--PERSONAL NAME | |
| Personal name | Marlborough, Sarah Jennings Churchill, |
| Titles and other words associated with a name | Duchess of, |
| Dates associated with a name | 1660-1744. |
| Personal name | Wesley, John, |
| Dates associated with a name | 1703-1791. |
| Personal name | Casanova, Giacomo, |
| Dates associated with a name | 1725-1798. |
| 942 ## - ADDED ENTRY ELEMENTS (KOHA) | |
| Source of classification or shelving scheme | Dewey Decimal Classification |
| Koha item type | Books |
| Lost status | Source of classification or shelving scheme | Damaged status | Not for loan | Collection code | Permanent Location | Current Location | Shelving location | Date acquired | Source of acquisition | Cost, normal purchase price | Total Checkouts | Full call number | Date last seen | Copy number | Koha item type |
|---|---|---|---|---|---|---|---|---|---|---|---|---|---|---|---|
| Dewey Decimal Classification | Added to bundle | Non-fiction | Central Library, University of Rajshahi | Central Library, University of Rajshahi | Reading Room | 11/03/1964 | Zitlinger | 30.00 | 920.009033 DOT 1962 | 06/03/2014 | C-1 | Books |